000 00378nam a2200169Ia 4500
008 221030s9999 xx 000 0 und d
020 _a0070648239
041 _aEnglish
082 _a105.23
100 _aA. Kahate
245 0 _aCryptography & Network Security
250 _a2nd
260 _bTMH
_aNew Delhi
_c2009
300 _a541
650 _aBE Computer
942 _cBK
999 _c6345
_d6345